| 000 | 00429nam a2200169 a 4500 | ||
|---|---|---|---|
| 001 | 0000-9239 | ||
| 003 | ELIB.Books | ||
| 008 | 110520 1987 | ||
| 035 | _a(ELIB.Books)0000-9391 | ||
| 082 |
_a253 _bLea |
||
| 100 | _aLeadership | ||
| 245 | _aWedding, Funerals, and Special Events | ||
| 260 |
_bTexas: Word Books Publisher _c1987 |
||
| 650 | _aPreaching | ||
| 942 |
_2ddc _cBK |
||
| 998 |
_cbat _e2011-05-20 |
||
| 999 |
_c9239 _d9239 |
||